| 000 | 00619nam a22002297a 4500 | ||
|---|---|---|---|
| 003 | UA-OsUOA | ||
| 001 | 27386 | ||
| 007 | ta | ||
| 008 | 20040625b un ||||| |||| 00| 0 ukr d | ||
| 090 |
_a72.012.1 _bО-75 |
||
| 942 | _cBK | ||
| 040 |
_aUA-OsUOA _brus _cUA-OsUOA _dUA-OsUOA |
||
| 245 |
_aОсновы архитектурной композиции и проэктирования _cРед. А.А.Тиц |
||
| 300 |
_a256 с. _bІлюстрації |
||
| 955 | _a0 | ||
| 041 | _arus | ||
| 080 | _a72.012.1 | ||
| 260 |
_aКиев _bВища школа _c1976 |
||
| 044 | _aRU | ||
| 650 | 7 | _2UDC | |
| 999 |
_c313730 _d313730 |
||